| 000 | 00936cam a22002651a 4500 | ||
|---|---|---|---|
| 001 | 17477039 | ||
| 005 | 20150408100150.0 | ||
| 008 | 120927t2012 inu f 001 0 eng d | ||
| 020 | _a9780789749130 | ||
| 020 | _a0789749130 | ||
| 040 |
_aYDXCP _cYDXCP _dUKMGB _dBTCTA _dBWX _dJBU _dNLE _dCLU _dDLC _dEG-ScBUE |
||
| 082 | 0 | 0 |
_a658.8 _bBRO _222 |
| 100 | 1 |
_aBrowne, Traci. _937604 |
|
| 245 | 1 | 4 |
_aThe social trade show : _bleveraging social media and virtual events to connect with your customers / _cTraci Browne. |
| 260 |
_aIndianapolis : _bQue publishing, _cc.2012. |
||
| 300 |
_axiv, 305 p. ; _c23 cm. |
||
| 500 | _aIndex : p. 295-305. | ||
| 650 | 0 |
_aTrade shows _xMarketing. _937606 |
|
| 650 | 0 |
_aSocial media _xEconomic aspects. _934831 |
|
| 650 | 0 |
_aDigital media _xEconomic aspects. _937607 |
|
| 650 | 0 |
_aMarketing _xEconomic aspects. _937608 |
|
| 653 |
_bBUSADM _cApril2015 |
||
| 655 |
_vreading book _934232 |
||
| 942 |
_2ddc _k658.8 BRO |
||
| 999 |
_c19174 _d19146 |
||